[Event "Metropolitan FIDE Invitational"]
[Site "Los Angeles"]
[Date "2010.11.12"]
[Round "1"]
[White "Sevillano, Enrico"]
[Black "Banawa, Joel"]
[Result "1/2-1/2"]
[WhiteElo "2508"]
[BlackElo "2341"]
[PlyCount "41"]
[EventDate "2010.??.??"]
[SourceDate "2010.11.14"]

1. e4 c5 2. c3 d5 3. exd5 Qxd5 4. d4 Nc6 5. Nf3 Bg4 6. Be2 cxd4 7. cxd4 e6 8.
h3 Bh5 9. Nc3 Bb4 10. O-O Qa5 11. a3 Bxc3 12. bxc3 Nge7 13. Rb1 Qc7 14. Rb5 Bg6
15. Nh4 O-O 16. Nxg6 hxg6 17. Bf3 Rac8 18. Bg5 b6 19. Qe2 Rfd8 20. Re1 Qd7 21.
Rbb1 1/2-1/2

[Event "Metropolitan FIDE Invitational"]
[Site "Los Angeles"]
[Date "2010.11.12"]
[Round "1"]
[White "Gupta, Ankit"]
[Black "Amanov, Zhanibek"]
[Result "0-1"]
[WhiteElo "2235"]
[BlackElo "2394"]
[PlyCount "20"]
[EventDate "2010.??.??"]
[SourceDate "2010.11.14"]

1. e4 Nf6 2. Nc3 d5 3. e5 Nfd7 4. d4 c5 5. Nxd5 cxd4 6. Qxd4 Nb6 7. Bb5+ Nc6 8.
Bxc6+ bxc6 9. Nxb6 Qxd4 10. Nxa8 Qxe5+ 0-1

[Event "Metropolitan FIDE Invitational"]
[Site "Los Angeles"]
[Date "2010.11.12"]
[Round "1"]
[White "Taylor, Timothy"]
[Black "Yankovsky, Roman"]
[Result "0-1"]
[WhiteElo "2317"]
[BlackElo "2381"]
[PlyCount "100"]
[EventDate "2010.??.??"]
[SourceDate "2010.11.14"]

1. d4 Nf6 2. c4 c5 3. e3 e6 4. Nc3 d5 5. Nf3 a6 6. Bd3 Nc6 7. O-O dxc4 8. Bxc4
b5 9. Bb3 Be7 10. dxc5 Qxd1 11. Rxd1 Bxc5 12. Bd2 Bb7 13. Rac1 Be7 14. a4 b4
15. Ne2 Na5 16. Ba2 Bc6 17. Ned4 Bxa4 18. b3 Bb5 19. Nxb5 axb5 20. Nd4 O-O 21.
Nxb5 Rfd8 22. Be1 Rxd1 23. Rxd1 Rc8 24. Kf1 Rc2 25. Bb1 Rb2 26. Nd4 g6 27. h3
Bc5 28. Bd3 Bxd4 29. exd4 Rxb3 30. Bc2 Rb2 31. Rc1 Nb3 32. Rb1 Rxb1 33. Bxb1
Nd5 34. Ba2 Nxd4 35. Bxd5 exd5 36. Bxb4 f5 37. Bc3 Nc6 38. Ke2 Kf7 39. Ke3 Ke6
40. g4 g5 41. gxf5+ Kxf5 42. Bd2 Ne5 43. Bc1 Ng6 44. Kf3 h5 45. Bb2 h4 46. Kg2
Nf4+ 47. Kh2 Ke4 48. Bf6 d4 49. Bxg5 d3 50. Bxf4 Kxf4 0-1

[Event "Metropolitan FIDE Invitational"]
[Site "Los Angeles"]
[Date "2010.11.14"]
[Round "4"]
[White "Yankovsky, Roman"]
[Black "Amanov, Zhanibek"]
[Result "0-1"]
[WhiteElo "2381"]
[BlackElo "2394"]
[PlyCount "80"]
[EventDate "2010.??.??"]
[SourceDate "2010.11.14"]

1. e4 c5 2. Nf3 Nc6 3. d4 cxd4 4. Nxd4 Nf6 5. Nc3 d6 6. g3 g6 7. Nde2 b6 8. Bg2
Ba6 9. O-O Bg7 10. Re1 Rc8 11. Nd5 Nd7 12. Rb1 O-O 13. b3 Bb7 14. c4 Nc5 15.
Bb2 Ne5 16. Rf1 e6 17. Ndc3 f5 18. exf5 Bxg2 19. Kxg2 Rxf5 20. Nb5 Qd7 21. Nf4
Rd8 22. Qe2 g5 23. Nh5 Qb7+ 24. f3 g4 25. Nxg7 gxf3+ 26. Rxf3 Rxf3 27. Kg1 Rf7
28. Bxe5 dxe5 29. Nh5 Qe4 30. Re1 Qxe2 31. Rxe2 a5 32. Kg2 e4 33. Nf4 Rfd7 34.
Kf2 Rd2 35. Nc3 e3+ 36. Kf3 e5 37. Nfd5 Rf8+ 38. Kg4 Rxe2 39. Nxe2 Rf2 40. Ndc3
Ne6 0-1

[Event "Metropolitan FIDE Invitational"]
[Site "Los Angeles"]
[Date "2010.11.14"]
[Round "4"]
[White "Abrahamyan, Tatev"]
[Black "Taylor, Timothy"]
[Result "0-1"]
[WhiteElo "2355"]
[BlackElo "2317"]
[PlyCount "52"]
[EventDate "2010.??.??"]
[SourceDate "2010.11.14"]

1. e4 e5 2. Nf3 Nc6 3. Bc4 Nf6 4. d3 h6 5. O-O d6 6. c3 g6 7. Bb3 Bg7 8. Re1
O-O 9. Nbd2 Na5 10. Bc2 c5 11. Nf1 Be6 12. h3 Qc7 13. N3h2 d5 14. f4 exf4 15.
e5 Nh5 16. d4 cxd4 17. cxd4 Rac8 18. Bd3 Qb6 19. Nf3 Nc6 20. Bb1 Rc7 21. Kh1
Rfc8 22. b3 Nxe5 23. dxe5 Rxc1 24. Qxc1 Rxc1 25. Rxc1 Qf2 26. Rc2 Qxf1+ 0-1

[Event "Metropolitan FIDE Invitational"]
[Site "Los Angeles"]
[Date "2010.11.13"]
[Round "3"]
[White "Abrahamyan, Tatev"]
[Black "Kretchetov, Alexandre"]
[Result "1/2-1/2"]
[WhiteElo "2355"]
[BlackElo "2358"]
[PlyCount "83"]
[EventDate "2010.??.??"]
[SourceDate "2010.11.14"]

1. e4 e5 2. Nf3 Nc6 3. Bc4 Bc5 4. O-O Nf6 5. Re1 d6 6. d3 a6 7. c3 h6 8. Bb3
Ba7 9. Nbd2 O-O 10. Nf1 Nh5 11. Be3 Qf6 12. Bxa7 Rxa7 13. Ne3 Ne7 14. d4 Nf4
15. g3 Nh3+ 16. Kg2 c6 17. dxe5 dxe5 18. Nc4 Ng6 19. Qd6 Be6 20. Ncxe5 Ng5 21.
Bxe6 fxe6 22. Re3 Nxe5 23. Qxe5 Qf7 24. Qd4 Raa8 25. Qd1 Rad8 26. Qe2 Nxf3 27.
Rxf3 Qxf3+ 28. Qxf3 Rxf3 29. Kxf3 Rd2 30. Rb1 Kf7 31. Ke3 Rc2 32. h4 Ke7 33. f4
Rg2 34. Kf3 Rd2 35. Kg4 Re2 36. e5 Rg2 37. a4 h5+ 38. Kf3 Rd2 39. g4 hxg4+ 40.
Kxg4 Rg2+ 41. Kf3 Rh2 42. Kg3 1/2-1/2

[Event "Metropolitan FIDE Invitational"]
[Site "Los Angeles"]
[Date "2010.11.13"]
[Round "3"]
[White "Gupta, Ankit"]
[Black "Yankovsky, Roman"]
[Result "0-1"]
[WhiteElo "2235"]
[BlackElo "2381"]
[PlyCount "120"]
[EventDate "2010.??.??"]
[SourceDate "2010.11.14"]

1. e4 c5 2. Nc3 Nc6 3. g3 g6 4. Bg2 Bg7 5. d3 e6 6. f4 d6 7. Nge2 Nge7 8. O-O
O-O 9. Be3 Nd4 10. e5 dxe5 11. fxe5 Bxe5 12. Ne4 Nd5 13. Bf2 Nf5 14. Bxc5 Nde3
15. Qd2 Nxf1 16. Rxf1 Re8 17. d4 b6 18. dxe5 Qxd2 19. Nxd2 Ba6 20. Bxa8 Rxa8
21. Kf2 bxc5 22. c3 Rb8 23. b3 Bb7 24. g4 Nh6 25. Rg1 Rd8 26. Ke3 Rd5 27. Nf3
c4 28. Ned4 Kg7 29. bxc4 Rc5 30. Kd3 Ba6 31. Nb5 Bxb5 32. cxb5 Rxb5 33. Rg2 Ng8
34. c4 Ra5 35. Ke4 Ne7 36. Nd4 g5 37. Rc2 Ra4 38. a3 Rxa3 39. Rb2 Kg6 40. Rb7
Ng8 41. c5 Rc3 42. c6 a5 43. Ra7 Rc5 44. h3 a4 45. Rxa4 Ne7 46. Ra8 Nxc6 47.
Rg8+ Kh6 48. Nf3 Rc4+ 49. Kd3 Rf4 50. Ke3 Ne7 51. Re8 Nd5+ 52. Kf2 Kg7 53. Kg3
h6 54. Ra8 Re4 55. Ra2 Nf4 56. h4 gxh4+ 57. Nxh4 Ng6 58. Nxg6 Kxg6 59. Ra5 Kg5
60. Ra7 Rxg4+ 0-1

[Event "Metropolitan FIDE Invitational"]
[Site "Los Angeles"]
[Date "2010.11.14"]
[Round "5"]
[White "Taylor, Timothy"]
[Black "Kretchetov, Alexandre"]
[Result "1-0"]
[WhiteElo "2317"]
[BlackElo "2358"]
[PlyCount "75"]
[EventDate "2010.??.??"]
[SourceDate "2010.11.14"]

1. d4 Nf6 2. c4 e6 3. Nc3 Bb4 4. Bg5 c5 5. d5 Bxc3+ 6. bxc3 d6 7. e3 e5 8. Qc2
Qe7 9. Nf3 h6 10. Bh4 Nbd7 11. Nd2 g5 12. Bg3 Nh5 13. Bd3 Ndf6 14. O-O Kd8 15.
Rab1 Kc7 16. Qb3 Qe8 17. h3 Rg8 18. Rb2 Nd7 19. a4 Rb8 20. a5 Nf8 21. Qc2 Ng7
22. Ne4 Nd7 23. f4 f5 24. fxe5 fxe4 25. exd6+ Kd8 26. Bxe4 Nh5 27. Bh2 Nhf6 28.
Bf5 Qxe3+ 29. Kh1 Rf8 30. Rbb1 Re8 31. Be6 Qe4 32. Qf2 Qxc4 33. Bxd7 Bxd7 34.
Qxf6+ Kc8 35. Rfe1 Rxe1+ 36. Rxe1 b6 37. Qf7 Qa4 38. a6 1-0

[Event "Metropolitan FIDE Invitational"]
[Site "Los Angeles"]
[Date "2010.11.14"]
[Round "4"]
[White "Manukyan, Garush"]
[Black "Sevillano, Enrico"]
[Result "1/2-1/2"]
[WhiteElo "2302"]
[BlackElo "2508"]
[PlyCount "136"]
[EventDate "2010.??.??"]
[SourceDate "2010.11.14"]

1. Nf3 Nf6 2. g3 d5 3. Bg2 Bf5 4. d3 Nbd7 5. Nbd2 h6 6. O-O e5 7. c4 Be6 8.
cxd5 Bxd5 9. e4 Be6 10. d4 Bd6 11. b3 O-O 12. Bb2 Bg4 13. h3 Bxf3 14. Bxf3 exd4
15. Bxd4 Be5 16. Nc4 Qe7 17. Nxe5 Nxe5 18. Bxe5 Qxe5 19. Qc2 Rfe8 20. Rac1 Re7
21. Bg2 Rae8 22. f4 Qd4+ 23. Qf2 Qxf2+ 24. Rxf2 Nxe4 25. Re2 f5 26. Bxe4 fxe4
27. Kf2 Kf7 28. Rd1 Kf6 29. Ke3 g5 30. Rf2 Kg6 31. Rd5 Rf8 32. f5+ Kf6 33. g4
h5 34. Rd4 Rfe8 35. Ra4 c5 36. Rd2 hxg4 37. hxg4 Rh8 38. Rd6+ Kf7 39. Rxa7 Rh3+
40. Ke2 Rh2+ 41. Ke3 Rh3+ 42. Ke2 e3 43. f6 Rh2+ 44. Ke1 Re6 45. Rxb7+ Kxf6 46.
Rxe6+ Kxe6 47. Rg7 Kf6 48. Rc7 Ke5 49. Rxc5+ Kf4 50. a4 Rb2 51. Rf5+ Kxg4 52.
Rf8 Rxb3 53. Ke2 Ra3 54. Ra8 Kf4 55. Rf8+ Kg3 56. Ra8 g4 57. a5 Kh2 58. Rh8+
Kg2 59. Ra8 g3 60. a6 Kg1 61. Rg8 g2 62. Ra8 Rc3 63. Rh8 Ra3 64. Ra8 Ra4 65.
Kxe3 Ra3+ 66. Ke2 Kh2 67. Rh8+ Rh3 68. Rxh3+ Kxh3 1/2-1/2

[Event "Metropolitan FIDE Invitational"]
[Site "Los Angeles"]
[Date "2010.11.12"]
[Round "?"]
[White "Abrahamyan, Tatev"]
[Black "Kavutskiy, Kostya"]
[Result "1-0"]
[WhiteElo "2355"]
[BlackElo "2149"]
[PlyCount "75"]
[EventDate "2010.??.??"]
[SourceDate "2010.11.14"]

1. e4 e6 2. d4 d5 3. e5 c5 4. c3 Qb6 5. Nf3 Nc6 6. a3 c4 7. Nbd2 Na5 8. g3 Bd7
9. Bh3 f5 10. exf6 gxf6 11. O-O O-O-O 12. Qe2 Ne7 13. Rb1 Ng6 14. Re1 Re8 15.
b3 cxb3 16. c4 Bg7 17. c5 Qc6 18. Nxb3 Nxb3 19. Rxb3 Re7 20. Bg2 e5 21. dxe5
fxe5 22. Bb2 Rhe8 23. Qd2 Bg4 24. a4 Kb8 25. a5 Bxf3 26. Bxf3 e4 27. Be2 a6 28.
Bd4 Ne5 29. Rb6 Qc7 30. Bxe5 Qxe5 31. Bxa6 d4 32. Qb2 e3 33. Rxb7+ Ka8 34. f4
Qe4 35. Rb1 Qxb1+ 36. Qxb1 e2 37. Rxe7 Rxe7 38. Bxe2 1-0

[Event "Metropolitan FIDE Invitational"]
[Site "Los Angeles"]
[Date "2010.11.13"]
[Round "2"]
[White "Kavutskiy, Kostya"]
[Black "Taylor, Timothy"]
[Result "1-0"]
[WhiteElo "2149"]
[BlackElo "2317"]
[PlyCount "79"]
[EventDate "2010.??.??"]
[SourceDate "2010.11.14"]

1. d4 Nf6 2. c4 e5 3. dxe5 Ng4 4. Nc3 Nxe5 5. e3 d6 6. f4 Ned7 7. Nf3 g6 8. Bd3
Nc5 9. b4 Nxd3+ 10. Qxd3 Bg7 11. O-O a5 12. b5 O-O 13. Ba3 b6 14. Rad1 Nd7 15.
e4 Nc5 16. Bxc5 bxc5 17. e5 Bf5 18. Qe3 Re8 19. Rfe1 f6 20. Qf2 fxe5 21. fxe5
Qb8 22. Nd5 Qb7 23. Nh4 Bxe5 24. Nxf5 gxf5 25. Qxf5 Qc8 26. Qg5+ Kh8 27. Rxe5
Rxe5 28. Qf6+ Kg8 29. Rd3 Qg4 30. Rg3 Re1+ 31. Kf2 Re2+ 32. Kf1 Qxg3 33. hxg3
Rae8 34. Qg5+ Kh8 35. Nf4 Rxa2 36. Qf6+ Kg8 37. Ne6 Ra1+ 38. Kf2 Ra2+ 39. Kf3
Ra3+ 40. Kg4 1-0

[Event "Metropolitan FIDE Invitational"]
[Site "Los Angeles"]
[Date "2010.11.13"]
[Round "3"]
[White "Sevillano, Enrico"]
[Black "Kavutskiy, Kostya"]
[Result "1-0"]
[WhiteElo "2508"]
[BlackElo "2149"]
[PlyCount "77"]
[EventDate "2010.??.??"]
[SourceDate "2010.11.14"]

1. e4 e6 2. d4 d5 3. e5 c5 4. c3 Qb6 5. Nf3 Nc6 6. a3 Nh6 7. b4 cxd4 8. cxd4
Nf5 9. Bb2 Bd7 10. g4 Nfe7 11. Nc3 Na5 12. Na4 Qc6 13. Nc5 Nc4 14. Bc1 b6 15.
Nxd7 Qxd7 16. Bd3 a5 17. bxa5 Rxa5 18. Nd2 Nc6 19. Nb3 Ra7 20. O-O Be7 21. f4
f6 22. Kh1 O-O 23. Qc2 f5 24. gxf5 Rxf5 25. Bxf5 exf5 26. Qd3 Qe6 27. Nd2 b5
28. Rb1 Ra5 29. Rb3 g6 30. Nb1 b4 31. axb4 Nxb4 32. Qf3 Nc6 33. Rd1 Bb4 34. Ba3
Nxa3 35. Nxa3 Kf7 36. Nc2 Be7 37. Qh3 Kg7 38. Rb6 Qd7 39. Qc3 1-0

[Event "Metropolitan FIDE Invitational"]
[Site "Los Angeles"]
[Date "2010.11.14"]
[Round "4"]
[White "Kavutskiy, Kostya"]
[Black "Gupta, Ankit"]
[Result "1/2-1/2"]
[WhiteElo "2149"]
[BlackElo "2235"]
[PlyCount "92"]
[EventDate "2010.??.??"]
[SourceDate "2010.11.14"]

1. d4 Nf6 2. c4 g6 3. Nc3 Bg7 4. Nf3 d6 5. e4 O-O 6. h3 Nbd7 7. Be3 e5 8. dxe5
Nxe5 9. Nxe5 dxe5 10. Be2 c6 11. O-O Qe7 12. Qc2 Be6 13. Rfd1 Nd7 14. Qd2 Rfd8
15. b3 f5 16. f3 f4 17. Bf2 Nf6 18. Qb2 b6 19. a4 Nh5 20. a5 Ng3 21. Rxd8+ Rxd8
22. axb6 axb6 23. Bxb6 Rb8 24. c5 Qg5 25. Bc4 Bxc4 26. bxc4 Qd8 27. Rd1 Qc8 28.
Qd2 Qe6 29. Qa2 Bf8 30. Qa7 Re8 31. Qa2 Be7 32. Kf2 Bh4 33. Kg1 Be7 34. Nd5
cxd5 35. cxd5 Qf7 36. Qb2 Qf6 37. d6 Bd8 38. Qb3+ Kg7 39. Bxd8 Rxd8 40. Qd3 Kh6
41. c6 Ne2+ 42. Qxe2 Rxd6 43. Rxd6 Qxd6 44. Qc2 Qd4+ 45. Kf1 Qa1+ 46. Ke2 Qg1
1/2-1/2

[Event "Metropolitan FIDE Invitational"]
[Site "Los Angeles"]
[Date "2010.11.14"]
[Round "5"]
[White "Amanov, Zhanibek"]
[Black "Kavutskiy, Kostya"]
[Result "1-0"]
[WhiteElo "2394"]
[BlackElo "2149"]
[PlyCount "35"]
[EventDate "2010.??.??"]
[SourceDate "2010.11.14"]

1. e4 e6 2. d4 d5 3. Nd2 c5 4. Ngf3 cxd4 5. Nxd4 Nf6 6. exd5 Qxd5 7. N2f3 a6 8.
c4 Qe4+ 9. Be2 Bb4+ 10. Bd2 Bxd2+ 11. Qxd2 e5 12. Nc2 Bf5 13. Ne3 O-O 14. Qc3
Ng4 15. Ng5 Qc6 16. Nxf5 Qf6 17. Bxg4 Qxg5 18. Bh3 1-0

[Event "Metropolitan FIDE Invitational"]
[Site "Los Angeles"]
[Date "2010.11.14"]
[Round "5"]
[White "Banawa, Joel"]
[Black "Yankovsky, Roman"]
[Result "0-1"]
[WhiteElo "2341"]
[BlackElo "2381"]
[PlyCount "56"]
[EventDate "2010.??.??"]
[SourceDate "2010.11.14"]

1. Nf3 Nf6 2. c4 c5 3. Nc3 Nc6 4. d4 cxd4 5. Nxd4 e6 6. g3 Qb6 7. Ndb5 Ne5 8.
Bf4 Nfg4 9. Qa4 g5 10. Bxg5 f6 11. Bf4 Nxf2 12. Rg1 Nfd3+ 13. exd3 Nf3+ 14. Kd1
Qxg1 15. Kc2 e5 16. Be2 Qxa1 17. Bxf3 Qg1 18. Bd2 Kd8 19. Nd5 Qf2 20. Nbc7 Bh6
21. Qa5 Qxd2+ 22. Qxd2 Bxd2 23. Nxa8 Be1 24. Nac7 a6 25. Na8 d6 26. Nab6 Bh3
27. Ne3 Bf2 28. Nbd5 Bg1 0-1

[Event "Metropolitan FIDE Invitational"]
[Site "Los Angeles"]
[Date "2010.11.13"]
[Round "2"]
[White "Yankovsky, Roman"]
[Black "Sevillano, Enrico"]
[Result "1/2-1/2"]
[WhiteElo "2381"]
[BlackElo "2508"]
[PlyCount "84"]
[EventDate "2010.??.??"]
[SourceDate "2010.11.14"]

1. e4 c5 2. Nf3 Nc6 3. d4 cxd4 4. Nxd4 Nf6 5. Nc3 e5 6. Ndb5 d6 7. Bg5 a6 8.
Na3 b5 9. Nd5 Be7 10. Bxf6 Bxf6 11. c3 Rb8 12. Nc2 Bg5 13. a4 bxa4 14. Ncb4
Nxb4 15. cxb4 Bd7 16. Bxa6 O-O 17. O-O Bc6 18. Rxa4 Bxa4 19. Qxa4 Kh8 20. b5
Qd7 21. b3 Bd8 22. Qc4 Bb6 23. Kh1 Bd4 24. f3 f5 25. Qd3 Qe6 26. Re1 fxe4 27.
Qxe4 Qh6 28. Rd1 Qg5 29. g3 Bc5 30. Kg2 g6 31. b4 Bd4 32. f4 Qh6 33. Rc1 Qg7
34. Rc7 Rf7 35. b6 Bxb6 36. Rxf7 Qxf7 37. fxe5 Qf2+ 38. Kh3 Qd4 39. Qxd4 Bxd4
40. e6 Kg7 41. Bc4 Re8 42. e7 Bf6 1/2-1/2

[Event "Metropolitan FIDE Invitational"]
[Site "Los Angeles"]
[Date "2010.11.19"]
[Round "3"]
[White "Taylor, Timothy"]
[Black "Manukyan, Garush"]
[Result "1/2-1/2"]
[WhiteElo "2317"]
[BlackElo "2302"]
[PlyCount "83"]
[EventDate "2010.??.??"]
[SourceDate "2010.11.14"]

1. d4 Nf6 2. c4 e6 3. Nc3 d5 4. cxd5 exd5 5. Bg5 Be7 6. e3 Nbd7 7. Bd3 Nf8 8.
Nge2 Ne6 9. Bh4 c6 10. O-O O-O 11. Rb1 g6 12. f3 Nh5 13. Bf2 b6 14. b4 Bb7 15.
e4 Nhf4 16. Nxf4 Nxf4 17. Bc2 a5 18. bxa5 Rxa5 19. Be3 Ne6 20. exd5 cxd5 21. a4
Ba6 22. Bd3 Bxd3 23. Qxd3 Bf6 24. f4 Ra8 25. f5 Ng7 26. g4 Bg5 27. Rbe1 Re8 28.
Bxg5 Qxg5 29. Qf3 Rxe1 30. Rxe1 Nxf5 31. Nxd5 Rd8 32. Rf1 h5 33. h4 Qxg4+ 34.
Qxg4 hxg4 35. Nxb6 Nxd4 36. a5 Nf3+ 37. Kf2 Rd2+ 38. Kg3 Ra2 39. Rf2 Rxa5 40.
Kxg4 Ne5+ 41. Kg3 Kg7 42. Kh3 1/2-1/2

[Event "Metropolitan FIDE Invitational"]
[Site "Los Angeles"]
[Date "2010.11.19"]
[Round "1"]
[White "Manukyan, Garush"]
[Black "Kretchetov, Alexandre"]
[Result "1-0"]
[WhiteElo "2302"]
[BlackElo "2358"]
[PlyCount "77"]
[EventDate "2010.??.??"]
[SourceDate "2010.11.14"]

1. Nf3 Nf6 2. g3 b6 3. Bg2 Bb7 4. d3 c5 5. e4 d6 6. Nc3 g6 7. O-O Bg7 8. Nh4
Nc6 9. f4 Nd7 10. Nd5 e6 11. Ne3 Qc7 12. a4 O-O-O 13. Nc4 Ba6 14. c3 d5 15.
exd5 exd5 16. Na3 f5 17. Bxd5 Nf6 18. Nb5 Bxb5 19. Be6+ Kb8 20. axb5 Na5 21. b4
cxb4 22. cxb4 Ng4 23. Ra2 Qd6 24. Qe1 Rhe8 25. Re2 Bd4+ 26. Kg2 Nb7 27. Bc4
Rxe2+ 28. Qxe2 Qxb4 29. Nf3 Bg7 30. h3 Nf6 31. Bb2 Re8 32. Ne5 Ka8 33. Ra1 Na5
34. Rxa5 bxa5 35. Qf3+ Ne4 36. Bd5+ Kb8 37. Nc6+ Kc7 38. Nxb4 Bxb2 39. Na6+ 1-0

[Event "Metropolitan FIDE Invitational"]
[Site "Los Angeles"]
[Date "2010.11.20"]
[Round "6"]
[White "Abrahamyan, Tatev"]
[Black "Gupta, Ankit"]
[Result "0-1"]
[WhiteElo "2355"]
[BlackElo "2235"]
[PlyCount "80"]
[EventDate "2010.??.??"]
[SourceDate "2010.11.14"]

1. e4 c5 2. Nf3 d6 3. d4 cxd4 4. Nxd4 Nf6 5. Nc3 Nc6 6. f3 e5 7. Nb3 Be6 8. Be3
d5 9. exd5 Nxd5 10. Nxd5 Qxd5 11. Qxd5 Bxd5 12. O-O-O O-O-O 13. Bb5 a6 14. Bd3
Kc7 15. Rhe1 Be7 16. Be4 Bxe4 17. fxe4 h6 18. Rf1 Rxd1+ 19. Kxd1 Rd8+ 20. Ke2
f6 21. c3 b6 22. Nd2 b5 23. Rf3 Bf8 24. Rg3 Rd7 25. Nf3 Na5 26. b3 Nb7 27. Nh4
Kc6 28. Bc1 a5 29. Nf3 Bc5 30. Rg6 Kc7 31. Rg3 Nd6 32. Nd2 Kc6 33. Rd3 a4 34.
c4 bxc4 35. bxc4 Bb4 36. Ba3 Rb7 37. h3 Bxa3 38. Rxa3 Rb2 39. Rxa4 Nxe4 40. Kd3
Nc5+ 0-1

[Event "Metropolitan FIDE Invitational"]
[Site "Los Angeles"]
[Date "2010.11.21"]
[Round "9"]
[White "Gupta, Ankit"]
[Black "Kretchetov, Alexandre"]
[Result "1-0"]
[WhiteElo "2235"]
[BlackElo "2358"]
[PlyCount "61"]
[EventDate "2010.??.??"]
[SourceDate "2010.11.14"]

1. e4 e6 2. d3 e5 3. f4 Bc5 4. fxe5 Bxg1 5. Rxg1 Qh4+ 6. g3 Qxh2 7. Rg2 Qh3 8.
Bf4 Ne7 9. Nc3 O-O 10. Rf2 Qe6 11. Qh5 Nbc6 12. Nb5 Nb4 13. Nxc7 Qc6 14. Nxa8
Nxc2+ 15. Rxc2 Qxc2 16. Qe2 Qa4 17. Qd2 Nc6 18. Be2 Nd4 19. Bd1 Qc6 20. Rc1 Qe6
21. Qf2 Nc6 22. Bb3 Qg4 23. Nc7 g5 24. Bd1 Qh3 25. Bxg5 Nxe5 26. Kd2 f5 27. Nd5
Nxd3 28. Ne7+ Kg7 29. Qd4+ Kf7 30. Qf6+ Ke8 31. Rxc8# 1-0

[Event "Metropolitan FIDE Invitational"]
[Site "Los Angeles"]
[Date "2010.11.21"]
[Round "7"]
[White "Gupta, Ankit"]
[Black "Taylor, Timothy"]
[Result "0-1"]
[WhiteElo "2235"]
[BlackElo "2317"]
[PlyCount "214"]
[EventDate "2010.??.??"]
[SourceDate "2010.11.14"]

1. e4 Nc6 2. Nf3 e5 3. Nc3 g6 4. d4 exd4 5. Nd5 Bg7 6. Bg5 Nce7 7. Nxd4 c6 8.
Nc3 h6 9. Be3 Nf6 10. Be2 d5 11. exd5 Nfxd5 12. Nxd5 Nxd5 13. Qd2 Qe7 14. O-O
Nxe3 15. Qxe3 Qxe3 16. fxe3 h5 17. Bc4 O-O 18. c3 Bd7 19. Rf2 b5 20. Bb3 c5 21.
Nf3 c4 22. Bc2 Rae8 23. Re1 Bh6 24. e4 Re7 25. e5 Rfe8 26. Be4 a6 27. Bd5 Bf5
28. Bc6 Rc8 29. Nd4 Bd3 30. e6 fxe6 31. Bd5 Kh8 32. g3 e5 33. Nc6 Rxc6 34. Bxc6
e4 35. Rg2 e3 36. Bf3 Rf7 37. Bd5 Rf6 38. h3 Bf8 39. b3 Bc5 40. Kh2 cxb3 41.
axb3 a5 42. b4 axb4 43. cxb4 Bb6 44. Bb3 g5 45. Bd1 h4 46. gxh4 gxh4 47. Be2
Bc7+ 48. Kg1 Be4 49. Rg4 Bg3 50. Ra1 Bc6 51. Ra6 Bf2+ 52. Kh2 Rd6 53. Ra2 Bg3+
54. Kg1 Bd7 55. Rxg3 hxg3 56. Kg2 Rd4 57. Ra8+ Kg7 58. Ra7 Kf6 59. Kxg3 Ke5 60.
Kf3 Bxh3 61. Bxb5 Rxb4 62. Bd3 Kd4 63. Be2 Bf5 64. Kf4 Be4 65. Rd7+ Bd5 66. Re7
Rb8 67. Re5 Rf8+ 68. Rf5 Re8 69. Rf6 Re4+ 70. Kg3 Kc3 71. Rd6 Rd4 72. Ra6 Kd2
73. Bf3 e2 74. Bxe2 Kxe2 75. Ra5 Ke3 76. Ra3+ Ke4 77. Rf3 Ke5 78. Re3+ Be4 79.
Kg4 Rd8 80. Kg3 Rg8+ 81. Kf2 Kf4 82. Ra3 Rg2+ 83. Ke1 Rb2 84. Rc3 Ke5 85. Ra3
Rb1+ 86. Kf2 Kf4 87. Rf3+ Ke5 88. Ra3 Rh1 89. Rc3 Kd4 90. Rb3 Rh2+ 91. Kg3 Rg2+
92. Kf4 Rf2+ 93. Kg3 Rf8 94. Rb2 Ke3 95. Rb3+ Bd3 96. Rb4 Rf1 97. Rb2 Rh1 98.
Rf2 Be4 99. Rf8 Rg1+ 100. Kh4 Bf3 101. Rb8 Rg4+ 102. Kh3 Rg7 103. Kh4 Kf2 104.
Rb2+ Be2 105. Rb8 Rg4+ 106. Kh3 Rd4 107. Rg8 Bf1+ 0-1

[Event "Metropolitan FIDE Invitational"]
[Site "Los Angeles"]
[Date "2010.11.21"]
[Round "9"]
[White "Banawa, Joel"]
[Black "Taylor, Timothy"]
[Result "1-0"]
[WhiteElo "2341"]
[BlackElo "2317"]
[PlyCount "109"]
[EventDate "2010.??.??"]
[SourceDate "2010.11.14"]

1. c4 f5 2. g3 Nf6 3. Bg2 d6 4. Nc3 c6 5. d4 Qc7 6. e3 e5 7. Nge2 Be7 8. O-O
O-O 9. b4 Be6 10. d5 Bf7 11. Bb2 Nbd7 12. Rc1 c5 13. bxc5 Nxc5 14. f4 e4 15.
Nb5 Qd7 16. Bd4 Nxd5 17. Bh3 Nd3 18. Rb1 Nb6 19. Nbc3 Bxc4 20. Nxe4 Bxa2 21.
Qxd3 fxe4 22. Qd2 Qxh3 23. Qxa2+ Kh8 24. Rfc1 Qd7 25. Nc3 Bf6 26. Bxf6 gxf6 27.
Nxe4 Qe7 28. Nf2 d5 29. Rc3 Rac8 30. Rxc8 Nxc8 31. Qxd5 b6 32. Rd1 Qxe3 33. Qb7
Re8 34. Rd7 Qc1+ 35. Kg2 Qb1 36. Qc7 Qg6 37. h4 Rg8 38. g4 b5 39. h5 Qh6 40.
Rf7 Qxh5 41. Kf1 Qh4 42. g5 Nb6 43. Qd6 Nd5 44. Qxd5 Qxf4 45. Qd3 Qc1+ 46. Ke2
Qb2+ 47. Kf3 f5 48. Qxf5 Rg7 49. Qc8+ Rg8 50. Qc7 Rg7 51. Qd8+ Rg8 52. Qe7 Rg7
53. Qf8+ Rg8 54. Rxh7+ Kxh7 55. Qh6# 1-0

[Event "Metropolitan FIDE Invitational"]
[Site "Los Angeles"]
[Date "2010.11.21"]
[Round "9"]
[White "Kavutskiy, Kostya"]
[Black "Manukyan, Garush"]
[Result "0-1"]
[WhiteElo "2149"]
[BlackElo "2302"]
[PlyCount "66"]
[EventDate "2010.??.??"]
[SourceDate "2010.11.14"]

1. d4 e6 2. c4 Nf6 3. Nf3 b6 4. g3 Bb7 5. Bg2 d6 6. O-O Be7 7. Nc3 Ne4 8. Qc2
Nxc3 9. Qxc3 Be4 10. b3 Nd7 11. Bb2 f5 12. Bh3 O-O 13. Nd2 Bb7 14. e4 fxe4 15.
Bxe6+ Kh8 16. Rae1 Rf6 17. Bxd7 Qxd7 18. d5 c6 19. Nxe4 Rg6 20. Rd1 Rf8 21. f4
Rf5 22. dxc6 Qxc6 23. Rd5 Rxd5 24. cxd5 Qxd5 25. Qc7 Bf8 26. Re1 Kg8 27. Bxg7
Bxg7 28. f5 Bd4+ 29. Kg2 Rf6 30. g4 Qf7 31. Qb8+ Kg7 32. Kg3 Be5+ 33. Kf2 Rxf5+
0-1

[Event "Metropolitan FIDE Invitational"]
[Site "Los Angeles"]
[Date "2010.11.21"]
[Round "9"]
[White "Yankovsky, Roman"]
[Black "Abrahamyan, Tatev"]
[Result "1/2-1/2"]
[WhiteElo "2381"]
[BlackElo "2355"]
[PlyCount "103"]
[EventDate "2010.??.??"]
[SourceDate "2010.11.14"]

1. e4 e6 2. d4 d5 3. Nc3 Bb4 4. e5 Ne7 5. Bd2 b6 6. Qg4 O-O 7. Nf3 Ba6 8. Bxa6
Nxa6 9. h4 Nf5 10. h5 h6 11. a3 Bxc3 12. bxc3 c5 13. Qh3 Qc8 14. g4 Ne7 15. g5
Nf5 16. Qg4 Kh7 17. Rg1 cxd4 18. Nxd4 Qc4 19. f3 Rae8 20. Qf4 Nc5 21. Rd1 Na4
22. Nxf5 exf5 23. gxh6 g6 24. Qxc4 dxc4 25. hxg6+ fxg6 26. Bf4 Nc5 27. Kf2 Rf7
28. Rd6 Ne6 29. Ke3 g5 30. Bxg5 Nxg5 31. Rxg5 Rxe5+ 32. Kd4 Re2 33. Rdg6 Rxc2
34. Rg7+ Kxh6 35. R5g6+ Kh5 36. Rg8 Rf8 37. R8g7 Rf7 38. Rxf7 Kxg6 39. Rxa7 Kg5
40. Kxc4 Kf4 41. Rb7 Rb2 42. a4 Ra2 43. Kb4 Kxf3 44. Rxb6 f4 45. a5 Ke2 46.
Re6+ Kd3 47. Rf6 Ke3 48. c4 f3 49. c5 f2 50. c6 Rb2+ 51. Kc5 Ra2 52. Re6+
1/2-1/2

[Event "Metropolitan FIDE Invitational"]
[Site "Los Angeles"]
[Date "2010.11.21"]
[Round "9"]
[White "Amanov, Zhanibek"]
[Black "Sevillano, Enrico"]
[Result "0-1"]
[WhiteElo "2394"]
[BlackElo "2508"]
[PlyCount "116"]
[EventDate "2010.??.??"]
[SourceDate "2010.11.14"]

1. e4 g6 2. d4 Bg7 3. Nc3 c6 4. Nf3 d5 5. h3 dxe4 6. Nxe4 Nf6 7. Bd3 Nbd7 8.
O-O Nxe4 9. Bxe4 O-O 10. Re1 Qc7 11. Bd3 Nb6 12. Bg5 Be6 13. Qd2 Rad8 14. Bh6
Bd5 15. Ne5 f6 16. Bxg7 Kxg7 17. Ng4 Bf7 18. Rad1 Nd5 19. Be4 Nf4 20. Bf3 h5
21. Ne3 e5 22. Qc3 exd4 23. Rxd4 Rxd4 24. Qxd4 c5 25. Qa4 b5 26. Qa6 Rd8 27.
Rd1 Rxd1+ 28. Bxd1 b4 29. Bf3 c4 30. b3 cxb3 31. axb3 Qc5 32. Qb7 a5 33. Kh2
Qe5 34. g3 Ne6 35. h4 Qc7 36. Qxc7 Nxc7 37. Be2 Ne6 38. Bc4 Nd4 39. Bxf7 Kxf7
40. Kg2 g5 41. f3 Ke7 42. Kf2 Ke6 43. Kg2 gxh4 44. gxh4 Nf5 45. Nc4 Nxh4+ 46.
Kf2 Nf5 47. Nxa5 Nd4 48. Kg3 Kf5 49. Nc4 Nxc2 50. Nb2 h4+ 51. Kxh4 Kf4 52. Kh5
f5 53. Kg6 Ne1 54. Kf6 Nxf3 55. Nd3+ Ke4 56. Nxb4 Nd4 57. Kg5 f4 58. Nd3 Ne6+
0-1